000 02456cam a2200397 i 4500
999 _c17374
_d17374
001 18287419
005 20190213020035.0
008 140902s2014 sa 000 f eng d
010 _a 2014416018
020 _a9781431410163
035 _a(OCoLC)ocn880552943
040 _aOI@
_beng
_erda
_cOI@
_dOI@
_dOCLCO
_dBDX
_dBTCTA
_dSTF
_dDLC
042 _alccopycat
043 _ae-it---
050 0 0 _aPR9369.4
_b.B87S76 2014
100 1 _aBusetto, Penny.
245 1 4 _aThe story of Anna P., as told by herself /
_cby Penny Busetto.
260 _aAuckland Park :
_bJacada Media (Pty) Ltd,
_cc2014
300 _axii, 155 pages ;
_c24 cm
500 _a"Winner of the European Union Literary Award." -- Cover.
500 _aOriginal title: M.A. thesis in Creative Writing, University of Cape Town, 2011.
520 _a"This is a book about the fragility of memory and identity, and the nature of time. It has three parts reflecting the past, present and future of a woman, Anna P, who lives on an island off the coast of Italy but can no longer remember how she got there. She comes from South Africa but has almost no memories of the place or people there, and no attachment to them. The only person she has any relationship with is a sex worker whom she pays by the hour. Her life is meaningless. She has abusive encounters with unknown men, clearly repetitions of traumatic events in the past, during which she dissociates. It is not clear whether she occasionally kills these men or not. It is only when she begins to connect emotionally with a slightly retarded child, and her self begins to coagulate around a tiny centre core of meaning, that she finds some value in herself, some place which she will not allow to be abused. Through connection with another person, she comes into an ethical relationship with the world." -- Description from thesis.
650 0 _aPsychic trauma
_vFiction.
650 0 _aIdentity (Psychology)
_vFiction.
650 0 _aSex crimes
_vFiction.
650 0 _aAmnesia
_vFiction.
650 0 _aSouth Africans
_zItaly
_vFiction.
650 0 _aTeachers
_zItaly
_vFiction.
942 _2lcc
_cBOOKS
_hPR9369.4 .B87S76 2014
_0130